[Event "Hastings Masters"]
[Site "Hastings"]
[Date "2006.12.29"]
[Round "2.11"]
[White "Schuurman, Petra"]
[Black "Cherniaev, Alexander"]
[Result "0-1"]
[WhiteElo "2238"]
[BlackElo "2472"]
[PlyCount "110"]
[EventDate "2006.12.28"]
[SourceDate "2006.12.28"]

1. d4 Nf6 2. c4 g6 3. Nc3 Bg7 4. e4 d6 5. Nf3 O-O 6. h3 e5 7. d5 a5 8. Bg5 Na6
9. Nd2 Bd7 10. g4 h6 11. Be3 Nc5 12. Qf3 a4 13. O-O-O c6 14. Kb1 Qa5 15. Rc1
cxd5 16. cxd5 a3 17. b3 Qb4 18. Bxc5 dxc5 19. Qe3 b5 20. Nd1 Rfc8 21. Qc3 Qd4
22. Bd3 Rab8 23. Nf3 Qxc3 24. Rxc3 h5 25. g5 Ne8 26. Ne3 Nd6 27. Nd2 f6 28. h4
fxg5 29. hxg5 c4 30. Be2 b4 31. Rxc4 Nxc4 32. Ndxc4 Rf8 33. f3 Kf7 34. Ng2 h4
35. Nxh4 Rh8 36. Ne3 Bf8 37. Bc4 Kg7 38. Neg2 Bd6 39. Re1 Rbe8 40. Be2 Rh7 41.
f4 exf4 42. Bd3 Rh5 43. Nf3 Bg4 44. Ngh4 Bxf3 45. Nxf3 Rh3 46. Bb5 Reh8 47. e5
Rxf3 48. exd6 Re3 49. Rc1 Rd8 50. d7 Rh3 51. Re1 Re3 52. Rc1 Re7 53. Rc4 f3 54.
Rc8 Rexd7 55. Bxd7 Rxd7 0-1

[Event "Hastings Masters"]
[Site "Hastings"]
[Date "2006.12.29"]
[Round "2.12"]
[White "Ciuksyte, Dagne"]
[Black "Kwiatkowski, Feliks"]
[Result "1/2-1/2"]
[WhiteElo "2440"]
[BlackElo "2226"]
[PlyCount "72"]
[EventDate "2006.12.28"]
[SourceDate "2006.12.28"]

1. e4 c5 2. Nf3 Nc6 3. d4 cxd4 4. Nxd4 Nf6 5. Nc3 e5 6. Ndb5 d6 7. Bg5 a6 8.
Bxf6 gxf6 9. Na3 b5 10. Nd5 f5 11. exf5 Bxf5 12. c3 Bg7 13. Nc2 O-O 14. Nce3
Be6 15. g3 Rb8 16. Bg2 a5 17. O-O f5 18. Qh5 b4 19. Rad1 bxc3 20. bxc3 e4 21.
f3 exf3 22. Rxf3 Ne7 23. Rf2 Rb5 24. Qe2 Rc5 25. Nxf5 Bxf5 26. Nxe7+ Kh8 27.
Nd5 Re8 28. Qh5 Bg6 29. Qg4 Qc8 30. Qh4 Qd8 31. Qa4 Re5 32. Rfd2 Qe8 33. Qf4
Rf5 34. Qxd6 Rc8 35. Qe7 Re5 36. Qxe8+ Rexe8 {remaining moves indecipherable}
1/2-1/2

[Event "Hastings Masters"]
[Site "Hastings"]
[Date "2006.12.29"]
[Round "2.13"]
[White "Greet, Andrew"]
[Black "Grant, Alan"]
[Result "1-0"]
[WhiteElo "2439"]
[BlackElo "2206"]
[PlyCount "125"]
[EventDate "2006.12.28"]
[SourceDate "2006.12.28"]

1. Nf3 Nf6 2. c4 e6 3. Nc3 Bb4 4. Qc2 d5 5. a3 Bxc3 6. Qxc3 O-O 7. e3 b6 8. b4
Nbd7 9. Bb2 Bb7 10. d3 c5 11. Be2 Qc7 12. O-O Rac8 13. cxd5 exd5 14. Rfc1 Rfe8
15. bxc5 bxc5 16. Rab1 Bc6 17. Qc2 Qd6 18. a4 Qe6 19. Ba3 Qf5 20. Bxc5 Bxa4 21.
Qxa4 Nxc5 22. Qxa7 Nxd3 23. Rxc8 Rxc8 24. Bxd3 Qxd3 25. Qxf7+ Kxf7 26. Ne5+ Ke6
27. Nxd3 g5 28. Rc1 Ra8 29. Nb4 Ra4 30. Nc2 Ra2 31. Nd4+ Kf7 32. f3 h5 33. Rc2
Ra1+ 34. Kf2 h4 35. h3 Nh5 36. Ne2 Rb1 37. Rd2 Ke6 38. Nc3 Rc1 39. Nxd5 Ng3 40.
e4 Ra1 41. Nc3 Rf1+ 42. Ke3 Rc1 43. Kd3 Nh5 44. Ne2 Ra1 45. Rb2 Ra3+ 46. Kd4
Ra4+ 47. Ke3 Ra3+ 48. Kf2 Ra5 49. Rb6+ Kf7 50. Rh6 Nf6 51. Rh8 Kg7 52. Rd8 Rb5
53. g3 Rb2 54. gxh4 Nh5 55. Ke3 gxh4 56. Rd5 Nf6 57. Rd2 Rb1 58. Nf4 Rb3+ 59.
Rd3 Rb5 60. Ng2 Kf7 61. f4 Rb4 62. e5 Nh5 63. Kf3 1-0

[Event "Hastings Masters"]
[Site "Hastings"]
[Date "2006.12.29"]
[Round "2.14"]
[White "Jackson, Oliver"]
[Black "Hendriks, Willy"]
[Result "0-1"]
[WhiteElo "2225"]
[BlackElo "2439"]
[PlyCount "60"]
[EventDate "2006.12.28"]
[SourceDate "2006.12.28"]

1. e4 c5 2. Nc3 Nc6 3. f4 g6 4. Nf3 Bg7 5. Bb5 Nd4 6. O-O Nxb5 7. Nxb5 d5 8. d3
d4 9. Na3 Nf6 10. Qe1 Bg4 11. Ne5 Bd7 12. h3 O-O 13. Qh4 b5 14. f5 Rb8 15. Bg5
Rb6 16. Rae1 Bc8 17. Ng4 gxf5 18. Nh6+ Kh8 19. Nxf5 Bxf5 20. Rxf5 Qc8 21. Ref1
Qe6 22. e5 Nd5 23. Qe4 a6 24. Bd2 Nb4 25. c3 dxc3 26. bxc3 Qxa2 27. cxb4 Qxd2
28. bxc5 Rg6 29. d4 Bh6 30. R5f3 Qxg2# 0-1

[Event "Hastings Masters"]
[Site "Hastings"]
[Date "2006.12.29"]
[Round "2.15"]
[White "Haslinger, Stewart"]
[Black "Groffen, Hans"]
[Result "1-0"]
[WhiteElo "2438"]
[BlackElo "2180"]
[PlyCount "71"]
[EventDate "2006.12.28"]
[SourceDate "2006.12.28"]

1. e4 c5 2. Nf3 Nc6 3. d4 cxd4 4. Nxd4 e5 5. Nb5 d6 6. N1c3 a6 7. Na3 Be7 8.
Nc4 b5 9. Ne3 Nf6 10. g3 O-O 11. Bg2 b4 12. Ncd5 Nxd5 13. Nxd5 Bg5 14. Bxg5
Qxg5 15. O-O Bg4 16. Qd3 a5 17. Ne3 Nd4 18. Nxg4 Qxg4 19. c3 Qe2 20. Rfd1 Qxd3
21. Rxd3 Nb5 22. Rd5 Nc7 23. Rxd6 bxc3 24. bxc3 Nb5 25. Rd3 Rfc8 26. Rc1 Kf8
27. Bf1 Rab8 28. Rb1 Na3 29. Rxb8 Rxb8 30. Rd5 Nb1 31. Rxa5 Nxc3 32. Bc4 Nxe4
33. Rxe5 Nd2 34. Rb5 Re8 35. Bd5 Ne4 36. Bc6 1-0

[Event "Hastings Masters"]
[Site "Hastings"]
[Date "2006.12.29"]
[Round "2.16"]
[White "Anderson, John"]
[Black "McNab, Colin"]
[Result "1/2-1/2"]
[WhiteElo "2199"]
[BlackElo "2433"]
[PlyCount "59"]
[EventDate "2006.12.28"]
[SourceDate "2006.12.28"]

1. d4 d6 2. e4 g6 3. Nc3 Bg7 4. Bg5 Nd7 5. Qd2 c5 6. Nf3 a6 7. Bc4 Ngf6 8. dxc5
Nxc5 9. e5 Nfe4 10. Nxe4 Nxe4 11. Bxf7+ Kf8 12. Qf4 Qa5+ 13. c3 dxe5 14. Qxe4
Kxf7 15. O-O h6 16. Bh4 Bf5 17. Qe3 Rad8 18. Rfe1 e4 19. Nd4 Bxd4 20. cxd4 Qb4
21. g4 Bxg4 22. Qxe4 Rxd4 23. Qxe7+ Qxe7 24. Rxe7+ Kf8 25. Rae1 Bd7 26. f3 g5
27. Bf2 Rd1 28. Bc5 Rxe1+ 29. Rxe1+ Kg8 30. Re7 1/2-1/2

[Event "Hastings Masters"]
[Site "Hastings"]
[Date "2006.12.29"]
[Round "2.17"]
[White "Jones, Gawain"]
[Black "Dickson, George"]
[Result "1-0"]
[WhiteElo "2430"]
[BlackElo "2171"]
[PlyCount "43"]
[EventDate "2006.12.28"]
[SourceDate "2006.12.28"]

1. e4 e5 2. Nf3 Nc6 3. d4 exd4 4. Nxd4 Bc5 5. Be3 Bxd4 6. Bxd4 Nxd4 7. Qxd4 Qf6
8. e5 Qb6 9. Qxb6 axb6 10. Nc3 Ne7 11. Nb5 O-O 12. Nxc7 Ra5 13. Nb5 Nc6 14. f4
d5 15. exd6 Re8+ 16. Kd2 Re4 17. g3 Bd7 18. b3 Na7 19. a4 Nxb5 20. Bxb5 Rd4+
21. Kc3 Rxd6 22. Rad1 1-0

[Event "Hastings Masters"]
[Site "Hastings"]
[Date "2006.12.29"]
[Round "2.18"]
[White "Sugden, John"]
[Black "Wallace, John Paul"]
[Result "1-0"]
[WhiteElo "2158"]
[BlackElo "2418"]
[PlyCount "119"]
[EventDate "2006.12.28"]
[SourceDate "2006.12.28"]

1. d4 Nf6 2. c4 g6 3. Nc3 Bg7 4. e4 d6 5. f3 O-O 6. Bg5 Nc6 7. Nge2 a6 8. Qd2
Rb8 9. Rb1 Re8 10. Ng3 e5 11. dxe5 Nxe5 12. Be2 c6 13. f4 Ned7 14. Qxd6 h6 15.
Bxf6 Bxf6 16. O-O Qb6+ 17. Kh1 a5 18. e5 Be7 19. Qd2 Nc5 20. Qe3 Nd7 21. Qxb6
Nxb6 22. Nce4 h5 23. Kg1 h4 24. Nh1 Bf5 25. Nhf2 Rbd8 26. Rbd1 Na4 27. b3 Nc5
28. Bf3 Ne6 29. g3 Nd4 30. Bg4 Kg7 31. Kg2 Kh6 32. Rd3 Bb4 33. Rfd1 c5 34. Bxf5
gxf5 35. Nd6 Rxd6 36. exd6 Re6 37. d7 Rd6 38. Re3 Rxd7 39. Nh3 a4 40. Ng5 axb3
41. axb3 b6 42. Nf3 hxg3 43. hxg3 Ra7 44. Nxd4 cxd4 45. Re5 Ra2+ 46. Kf3 Rb2
47. Rd3 Kg6 48. Rb5 Be1 49. Rxd4 Rf2+ 50. Ke3 Rg2 51. Rd1 Rxg3+ 52. Ke2 Bc3 53.
Rd3 Rg2+ 54. Kf3 Rc2 55. Rxb6+ Kh5 56. c5 Ba5 57. Rb5 Be1 58. b4 Rb2 59. c6 Bf2
60. c7 1-0

[Event "Hastings Masters"]
[Site "Hastings"]
[Date "2006.12.29"]
[Round "2.19"]
[White "Hutchinson, Norman"]
[Black "Ansell, Simon"]
[Result "0-1"]
[WhiteElo "2097"]
[BlackElo "2394"]
[PlyCount "58"]
[EventDate "2006.12.28"]
[SourceDate "2006.12.28"]

1. e4 c5 2. Nf3 Nc6 3. c3 Nf6 4. e5 Nd5 5. d4 cxd4 6. cxd4 d6 7. Bc4 Nb6 8. Bb5
dxe5 9. Nxe5 Bd7 10. Nxd7 Qxd7 11. Nc3 Rd8 12. O-O e6 13. a4 a5 14. Qg4 Nd5 15.
Nxd5 Qxd5 16. Bd2 h5 17. Qe2 Bb4 18. Be3 O-O 19. Rad1 g6 20. Bc4 Qf5 21. Qd3
Qxd3 22. Rxd3 Be7 23. Bh6 Rfe8 24. d5 Ne5 25. Rd4 Bc5 26. dxe6 Rxd4 27. exf7+
Nxf7 28. Bb5 Re7 29. Be3 Rd5 0-1

[Event "Hastings Masters"]
[Site "Hastings"]
[Date "2006.12.29"]
[Round "2.20"]
[White "Graf, Felix"]
[Black "Rendle, Thomas"]
[Result "1/2-1/2"]
[WhiteElo "2207"]
[BlackElo "2382"]
[PlyCount "50"]
[EventDate "2006.12.28"]
[SourceDate "2006.12.28"]

1. d4 e6 2. c4 f5 3. g3 Nf6 4. Bg2 Be7 5. Nc3 O-O 6. Nf3 d6 7. O-O a5 8. b3 Ne4
9. Bb2 Nxc3 10. Bxc3 Qe8 11. Qd3 Qh5 12. e4 f4 13. e5 d5 14. h3 Bd7 15. g4 Qh6
16. a3 Bc6 17. c5 Be8 18. Kh2 Nc6 19. Rh1 a4 20. b4 Na7 21. Bf1 c6 22. Qc2 Nb5
23. Bb2 g5 24. Bd3 Kg7 25. Kg2 Bg6 1/2-1/2

[Event "Hastings Masters"]
[Site "Hastings"]
[Date "2006.12.29"]
[Round "2.21"]
[White "Thilaganathan, Jessica"]
[Black "Knott, Simon"]
[Result "0-1"]
[WhiteElo "1871"]
[BlackElo "2375"]
[PlyCount "80"]
[EventDate "2006.12.28"]
[SourceDate "2006.12.28"]

1. d4 Nf6 2. c4 g6 3. Nc3 d5 4. cxd5 Nxd5 5. e4 Nxc3 6. bxc3 Bg7 7. Qa4+ Nd7 8.
Nf3 O-O 9. Be2 c5 10. O-O cxd4 11. cxd4 Nc5 12. Qc2 Bg4 13. Bb2 Bxf3 14. Bxf3
Ne6 15. Rab1 Rc8 16. Qa4 Nxd4 17. Bxd4 Bxd4 18. Rxb7 e5 19. Qb3 Rc3 20. Qd1 Qc8
21. Rb1 Ra3 22. Rc1 Qe6 23. Bg4 Qxa2 24. Qc2 Qxc2 25. Rxc2 Rb8 26. Rfc1 Rb2 27.
Kf1 Raa2 28. Bd1 a5 29. Rxb2 Rxb2 30. Rc2 Rb1 31. Rd2 a4 32. Ke2 a3 33. Ra2 Bb2
34. Bb3 Rh1 35. h3 Rg1 36. Kf3 Kg7 37. Kg3 Rc1 38. f3 f5 39. Kf2 f4 40. Ke2 Rg1
0-1

[Event "Hastings Masters"]
[Site "Hastings"]
[Date "2006.12.29"]
[Round "2.22"]
[White "Vul, Arkadi"]
[Black "Briscoe, Christopher"]
[Result "1-0"]
[WhiteElo "2365"]
[BlackElo "2121"]
[PlyCount "79"]
[EventDate "2006.12.28"]
[SourceDate "2006.12.28"]

1. Nf3 Nf6 2. c4 e6 3. Nc3 b6 4. g3 Bb7 5. Bg2 Bb4 6. Qc2 O-O 7. O-O Re8 8. a3
Bxc3 9. Qxc3 d5 10. d4 Nbd7 11. Rd1 c5 12. dxc5 bxc5 13. e3 Rc8 14. b3 Rc7 15.
Bb2 Qa8 16. Ne1 e5 17. cxd5 Nxd5 18. Qa5 N7b6 19. Rac1 c4 20. e4 Nf6 21. Bxe5
Rce7 22. Bxf6 gxf6 23. bxc4 Rxe4 24. Bxe4 Bxe4 25. c5 Bh1 26. f3 Bxf3 27. Nxf3
Qxf3 28. Re1 Rxe1+ 29. Qxe1 Nd5 30. c6 Qb3 31. Qd2 h5 32. Kg2 Kg7 33. c7 Qb7
34. c8=Q Nf4+ 35. Kf2 Qg2+ 36. Ke3 Nd5+ 37. Kd3 Qf3+ 38. Kc2 Qe4+ 39. Kb2 Qe5+
40. Kb1 1-0

[Event "Hastings Masters"]
[Site "Hastings"]
[Date "2006.12.29"]
[Round "2.23"]
[White "Prosviriakov, Vladimir"]
[Black "Gibson, Christopher"]
[Result "1/2-1/2"]
[WhiteElo "2346"]
[BlackElo "2056"]
[PlyCount "67"]
[EventDate "2006.12.28"]
[SourceDate "2006.12.28"]

1. d4 Nf6 2. Nf3 e6 3. e3 b6 4. Bd3 Bb7 5. O-O d5 6. c4 Bd6 7. Nc3 dxc4 8. Bxc4
O-O 9. Qe2 c5 10. dxc5 Bxc5 11. e4 Qc7 12. e5 Nfd7 13. Bf4 Bxf3 14. Qxf3 Nc6
15. Nb5 Qc8 16. Qg3 Nd4 17. Rfd1 Nf5 18. Qd3 Rd8 19. Bg5 Be7 20. Bxe7 Nxe7 21.
f4 Nf5 22. b4 a5 23. Rac1 Nf8 24. Nd6 Qb8 25. Bb3 axb4 26. Rc6 b5 27. Rdc1 Ng6
28. g3 Nge7 29. Rc7 Ra7 30. Rxa7 Qxa7+ 31. Kg2 Nxd6 32. exd6 Qb7+ 33. Kh3 Nc8
34. d7 1/2-1/2

[Event "Hastings Masters"]
[Site "Hastings"]
[Date "2006.12.29"]
[Round "2.24"]
[White "Huss, Andreas"]
[Black "Foord, Dominic"]
[Result "1-0"]
[WhiteElo "2338"]
[BlackElo "1894"]
[PlyCount "49"]
[EventDate "2006.12.28"]
[SourceDate "2006.12.28"]

1. d4 f5 2. Nc3 Nf6 3. Bg5 d5 4. Bxf6 exf6 5. e3 Be6 6. Bd3 Nc6 7. Qf3 Qd7 8.
a3 O-O-O 9. Nge2 g6 10. O-O h5 11. Nf4 Bf7 12. Bb5 h4 13. Qe2 g5 14. Nd3 Bh5
15. Qd2 h3 16. g3 Bf3 17. b4 Bd6 18. Nc5 Qe8 19. Qd3 Be4 20. Qe2 Bg2 21. Rfb1
Qh5 22. Bxc6 Bxc5 23. Bxb7+ Kxb7 24. bxc5+ Ka8 25. Qa6 1-0

[Event "Hastings Masters"]
[Site "Hastings"]
[Date "2006.12.29"]
[Round "2.25"]
[White "Rayner, Francis"]
[Black "Dennis, Nigel"]
[Result "1-0"]
[WhiteElo "2247"]
[BlackElo "2020"]
[PlyCount "33"]
[EventDate "2006.12.28"]
[SourceDate "2006.12.28"]

1. e4 c5 2. Nf3 e6 3. d4 cxd4 4. Nxd4 Nf6 5. Nc3 d6 6. f4 a6 7. Qf3 Qc7 8. Be3
e5 9. Nf5 g6 10. fxe5 dxe5 11. Bg5 Nxe4 12. Nxe4 Qa5+ 13. Bd2 Bb4 14. Nfd6+ Kd7
15. Qxf7+ Kc6 16. Qc4+ Kd7 17. Bxb4 1-0

[Event "Hastings Masters"]
[Site "Hastings"]
[Date "2006.12.29"]
[Round "2.26"]
[White "Snape, Ian"]
[Black "Auckland, Elliott"]
[Result "1/2-1/2"]
[WhiteElo "2217"]
[BlackElo "1850"]
[PlyCount "86"]
[EventDate "2006.12.28"]
[SourceDate "2006.12.28"]

1. c4 Nf6 2. Nc3 g6 3. g3 Bg7 4. Bg2 d6 5. Nf3 O-O 6. O-O Nbd7 7. Rb1 c6 8. b4
e5 9. Qb3 Qe7 10. d3 Kh8 11. Ne4 Nxe4 12. dxe4 f5 13. exf5 gxf5 14. Bg5 Qf7 15.
Rbd1 Nf6 16. Bc1 Ne4 {(=)} 17. Ng5 Nxg5 18. Bxg5 Be6 19. Rc1 Rae8 20. Qc2 f4 {
(=)} 21. Bh4 Bh6 22. Rcd1 d5 23. cxd5 cxd5 24. Qc5 e4 25. gxf4 Bxf4 26. Qd4+
Kg8 27. Bg3 Qh5 {(=)} 28. e3 Bh6 29. Qxa7 Rf7 30. Qa5 Rf5 31. Qb6 Bc8 32. Rc1
Rf7 33. Rc7 Bf8 34. Rxf7 Qxf7 35. a3 Re6 36. Qd4 Ra6 37. Rc1 Bd7 38. Rc7 Bg7
39. Be5 Rg6 40. Bxg7 Rxg2+ 41. Kxg2 Qf3+ 42. Kg1 Qg4+ 43. Kh1 Qf3+ 1/2-1/2

[Event "Hastings Masters"]
[Site "Hastings"]
[Date "2006.12.29"]
[Round "2.27"]
[White "Cohen, Ronnie"]
[Black "Cafferty, Bernard"]
[Result "0-1"]
[WhiteElo "1841"]
[BlackElo "2207"]
[PlyCount "54"]
[EventDate "2006.12.28"]
[SourceDate "2006.12.28"]

1. e4 d5 2. exd5 Nf6 3. d4 Nxd5 4. c4 Nb6 5. Nc3 e5 6. Be3 exd4 7. Qxd4 Qxd4 8.
Bxd4 Nc6 9. Be3 Be6 10. b3 Bb4 11. Bd2 Nd4 12. Bd3 O-O-O 13. Bb1 Rhe8 14. Ne4
Bxd2+ 15. Nxd2 Bxc4+ 16. Kd1 Bd5 17. f3 Bc6 18. h4 h5 19. Rh3 Nd5 20. Be4 Nc3+
21. Kc1 Bxe4 22. Nxe4 Nxe4 23. fxe4 Rxe4 24. Kb2 Nf5 25. Rf3 g6 26. g3 Rd2+ 27.
Ka3 Nd4 0-1

[Event "Hastings Masters"]
[Site "Hastings"]
[Date "2006.12.29"]
[Round "2.28"]
[White "Hagesaether, Arne"]
[Black "Fowler, Simon"]
[Result "1/2-1/2"]
[WhiteElo "2178"]
[BlackElo "2201"]
[PlyCount "114"]
[EventDate "2006.12.28"]
[SourceDate "2006.12.28"]

1. e4 e6 2. d4 d5 3. Nc3 Bb4 4. e5 c5 5. a3 Bxc3+ 6. bxc3 Qa5 7. Nf3 cxd4 8.
Qxd4 Nc6 9. Qd2 f6 10. c4 Qxd2+ 11. Bxd2 fxe5 12. cxd5 exd5 13. Bb5 e4 14. Ne5
Nge7 15. Bb4 Bd7 16. Nxd7 Kxd7 17. Bc3 Rhg8 18. O-O Raf8 19. f3 exf3 20. Rxf3
Rxf3 21. gxf3 Nf5 22. Rd1 Ke6 23. Kf2 Rc8 24. Bd3 Ne5 25. Re1 Rxc3 26. f4 Ne7
27. Rxe5+ Kf6 28. a4 h6 29. Re1 Ra3 30. Rb1 b6 31. Bb5 Ra2 32. Rc1 Nf5 33. Bc6
Ke6 34. Re1+ Kd6 35. Bxd5 Rxc2+ 36. Kf3 Rxh2 37. Bf7 Rd2 38. Re6+ Kc7 39. Kg4
Nd6 40. Re7+ Kd8 41. Rxa7 Nxf7 42. Rxf7 Rd7 43. Rf8+ Ke7 44. Rb8 Rd6 45. Kf5
Rf6+ 46. Kg4 Kf7 47. a5 bxa5 48. Ra8 {(=)} h5+ 49. Kg5 h4 50. Rxa5 h3 51. Ra7+
Ke6 52. Rxg7 Rh6 53. Ra7 Rh8 54. Ra1 Rg8+ 55. Kh4 h2 56. Kh3 Rg1 57. Ra6+ Kf5
1/2-1/2

[Event "Hastings Masters"]
[Site "Hastings"]
[Date "2006.12.29"]
[Round "2.29"]
[White "Eggleston, David"]
[Black "Calvert, D Ian"]
[Result "1/2-1/2"]
[WhiteElo "2239"]
[BlackElo "2064"]
[PlyCount "88"]
[EventDate "2006.12.28"]
[SourceDate "2006.12.28"]

1. e4 d5 2. exd5 Qxd5 3. Nf3 Bg4 4. Be2 Nc6 5. d4 O-O-O 6. Be3 e5 7. dxe5 Qxd1+
8. Bxd1 Nxe5 9. Nbd2 Nxf3+ 10. Nxf3 Nh6 11. h3 Be6 12. Nd4 Bd5 13. O-O c5 14.
Nb3 b6 15. Re1 Bd6 16. Nd2 f5 17. Bxh6 gxh6 18. Bf3 Bxf3 19. Nxf3 Rhe8 20. Kf1
Kc7 21. Rxe8 Rxe8 22. Nh4 f4 23. Nf5 Bf8 24. Rd1 Re5 25. Nh4 Bg7 26. c3 Kc6 27.
Rd3 Bf6 28. Nf3 Rd5 29. Ke2 c4 30. Rxd5 Kxd5 {(=)} 31. a4 a6 32. Ne1 b5 33.
axb5 axb5 34. Nc2 Be7 35. Nd4 b4 36. Nf3 b3 37. Nd2 h5 38. Kf3 Bd6 39. Ne4 Be5
40. h4 h6 41. Nd2 Bd6 42. Ne4 Be5 43. g3 fxg3 44. fxg3 Kc6 1/2-1/2

[Event "Hastings Masters"]
[Site "Hastings"]
[Date "2006.12.29"]
[Round "2.30"]
[White "Muter, Donny"]
[Black "Hickman, John"]
[Result "1-0"]
[WhiteElo "2146"]
[BlackElo "2058"]
[PlyCount "41"]
[EventDate "2006.12.28"]
[SourceDate "2006.12.28"]

1. d4 d6 2. c4 e5 3. Nf3 e4 4. Ng5 f5 5. g3 Be7 6. h4 Nf6 7. Nc3 c6 8. d5 Na6
9. Bg2 Nc7 10. O-O O-O 11. a4 Ng4 12. f3 exf3 13. exf3 Ne5 14. f4 Nxc4 15. dxc6
Bxg5 16. cxb7 Bxb7 17. Bxb7 Bf6 18. Bd5+ Nxd5 19. Qxd5+ Kh8 20. Qxc4 Rc8 21.
Qd3 1-0

[Event "Hastings Masters"]
[Site "Hastings"]
[Date "2006.12.29"]
[Round "2.31"]
[White "Wilson, Alexandra"]
[Black "Narayanan, Srinath"]
[Result "0-1"]
[WhiteElo "2056"]
[BlackElo "2141"]
[PlyCount "84"]
[EventDate "2006.12.28"]
[SourceDate "2006.12.28"]

1. e4 c5 2. Nf3 d6 3. d4 cxd4 4. Qxd4 a6 5. c4 Nc6 6. Qd2 Nf6 7. Nc3 g6 8. Be2
Bg7 9. h3 O-O 10. O-O Bd7 11. Rb1 Qb8 12. b4 Rc8 13. a3 Be6 14. Bd3 Nd7 15. Bb2
Nde5 16. Nxe5 Nxe5 17. Nd5 Bxd5 18. cxd5 Nc4 19. Bxc4 Rxc4 20. Bxg7 Kxg7 21.
Qd3 Qc7 22. b5 a5 23. Rfe1 Rc8 24. Qe3 f6 25. b6 Qc5 26. Qxc5 R8xc5 27. Re3
Rc1+ 28. Re1 Rxe1+ 29. Rxe1 Rb5 30. Rc1 Rxb6 31. Rc3 Rb1+ 32. Kh2 Rb2 33. f3 b5
34. Kg3 a4 35. Rc7 Rb3 36. Rb7 h5 37. Kf4 Rxa3 38. Rxb5 Ra2 39. g3 Ra1 40. Ra5
a3 41. Ra7 a2 42. Ra8 g5+ 0-1

[Event "Hastings Masters"]
[Site "Hastings"]
[Date "2006.12.29"]
[Round "2.32"]
[White "Spanton, Tim"]
[Black "Vrban, Damir"]
[Result "0-1"]
[WhiteElo "2051"]
[BlackElo "2130"]
[PlyCount "62"]
[EventDate "2006.12.28"]
[SourceDate "2006.12.28"]

1. e4 c5 2. Nf3 Nf6 3. e5 Nd5 4. d4 cxd4 5. c4 Nc7 6. Nxd4 g6 7. Bf4 Bg7 8. Nc3
Nc6 9. Nf3 Ne6 10. Bg3 O-O 11. Bd3 Qa5 12. O-O Nxe5 13. Nxe5 Bxe5 14. Nd5 Bxb2
15. Nxe7+ Kg7 16. Bd6 Be5 17. c5 Bxd6 18. cxd6 Qe5 19. Qg4 f5 20. Qb4 a5 21.
Qa3 Nc5 22. Rfe1 Qxd6 23. Qc3+ Kf7 24. Bxf5 Ne6 25. Bxe6+ dxe6 26. Nxc8 Raxc8 {
(=)} 27. Qf3+ Kg8 28. Qxb7 Qd4 29. Rf1 Rc2 30. Qb3 Rcxf2 31. Qxe6+ Kh8 0-1

[Event "Hastings Masters"]
[Site "Hastings"]
[Date "2006.12.29"]
[Round "2.33"]
[White "Jain, Akash"]
[Black "Almond, Richard"]
[Result "1/2-1/2"]
[WhiteElo "2036"]
[BlackElo "2124"]
[PlyCount "57"]
[EventDate "2006.12.28"]
[SourceDate "2006.12.28"]

1. e4 d5 2. exd5 Qxd5 3. Nc3 Qa5 4. Bc4 c6 5. d3 Nf6 6. Bd2 Qc7 7. Qe2 Nbd7 8.
Nf3 e6 9. a4 Bd6 10. O-O O-O 11. Ne4 Nxe4 12. dxe4 Ne5 13. h3 Nxc4 14. Qxc4 e5
15. Rad1 Be6 16. Qe2 f6 17. Bc3 b5 18. b3 b4 19. Bb2 c5 20. Nd2 Qf7 21. Nc4
Bxc4 22. Qxc4 Qxc4 23. bxc4 Rfd8 24. Rd5 Kf7 25. Rfd1 Ke6 26. Bc1 Rd7 27. Be3
Rc8 28. g3 g5 29. Kf1 1/2-1/2

[Event "Hastings Masters"]
[Site "Hastings"]
[Date "2006.12.29"]
[Round "2.34"]
[White "Fraser, Joe"]
[Black "Mansson, James"]
[Result "1-0"]
[WhiteElo "1983"]
[BlackElo "2120"]
[PlyCount "57"]
[EventDate "2006.12.28"]
[SourceDate "2006.12.28"]

1. e4 c5 2. Nf3 d6 3. d4 cxd4 4. Nxd4 Nf6 5. Nc3 a6 6. Qf3 e6 7. Be3 Nbd7 8.
Be2 Qc7 9. g4 h6 10. Qh3 b5 11. g5 b4 12. Nd1 hxg5 13. Qxh8 Bb7 14. Qh3 Bxe4
15. f3 g4 16. Qg3 gxf3 17. Bxf3 Ne5 18. Bxe4 Nxe4 19. Qg2 d5 20. Nf2 Nxf2 21.
Bxf2 Nc4 22. O-O Nxb2 23. Rae1 O-O-O 24. Kh1 Nc4 25. Bg3 Qa7 26. Nb3 Ne3 27.
Qf2 d4 28. Qxf7 Qa8+ 29. Rf3 1-0

[Event "Hastings Masters"]
[Site "Hastings"]
[Date "2006.12.29"]
[Round "2.35"]
[White "Donovan, Nigel"]
[Black "Webster, Richard J"]
[Result "1-0"]
[WhiteElo "2119"]
[BlackElo "1983"]
[PlyCount "43"]
[EventDate "2006.12.28"]
[SourceDate "2006.12.28"]

1. e4 e6 2. d3 d5 3. Nd2 c5 4. Ngf3 Nf6 5. g3 Nc6 6. Bg2 Be7 7. O-O O-O 8. e5
Nd7 9. Re1 b5 10. Nf1 a5 11. h4 b4 12. Bf4 f6 13. exf6 Nxf6 14. Bh3 Bd6 15.
Bxe6+ Bxe6 16. Rxe6 Bxf4 17. Rxc6 Bd6 18. c4 d4 19. Ng5 Qd7 20. Qf3 Kh8 21.
Rxd6 Qxd6 22. Qxa8 1-0

[Event "Hastings Masters"]
[Site "Hastings"]
[Date "2006.12.29"]
[Round "2.36"]
[White "Kulago, Alexander"]
[Black "Barron, David"]
[Result "1-0"]
[WhiteElo "2114"]
[BlackElo "1966"]
[PlyCount "59"]
[EventDate "2006.12.28"]
[SourceDate "2006.12.28"]

1. Nf3 g5 2. Nxg5 e5 3. d3 Be7 4. Nf3 c6 5. Nc3 Qc7 6. e4 b5 7. g3 b4 8. Ne2 d5
9. Bg2 h5 10. h3 Bc5 11. exd5 cxd5 12. d4 exd4 13. Nfxd4 Ne7 14. O-O Nbc6 15.
Bf4 Qb6 16. Nb3 h4 17. g4 Be6 18. Nxc5 Qxc5 19. a3 O-O-O 20. axb4 Qxb4 21. Qd3
a5 22. c3 Qb7 23. Rfb1 Ng6 24. b4 Nxf4 25. Nxf4 Ne5 26. Qe2 Rhe8 27. Qxe5 Bxg4
28. Qd4 Re4 29. Bxe4 dxe4 30. Qc5+ 1-0

[Event "Hastings Masters"]
[Site "Hastings"]
[Date "2006.12.29"]
[Round "2.38"]
[White "Rety, John"]
[Black "Humphreys, Jerry"]
[Result "1/2-1/2"]
[WhiteElo "1965"]
[BlackElo "2106"]
[PlyCount "41"]
[EventDate "2006.12.28"]
[SourceDate "2006.12.28"]

1. e4 c5 2. Nf3 e6 3. d4 cxd4 4. Nxd4 Nf6 5. Nc3 d6 6. Be3 a6 7. Be2 Be7 8. O-O
b5 9. Bf3 Nfd7 10. e5 d5 11. Nxd5 exd5 12. Bxd5 Nb6 13. Bxa8 Nxa8 14. Qf3 Nc7
15. Qg3 O-O 16. Bh6 Ne8 17. Be3 Qc7 18. f4 Nc6 19. c3 Kh8 20. Rac1 Bd7 21. Qf3
1/2-1/2

[Event "Hastings Masters"]
[Site "Hastings"]
[Date "2006.12.29"]
[Round "2.39"]
[White "Griffiths, Ryan Rhys"]
[Black "Tucker, Andrew"]
[Result "1-0"]
[WhiteElo "2104"]
[BlackElo "1956"]
[PlyCount "73"]
[EventDate "2006.12.28"]
[SourceDate "2006.12.28"]

1. e4 c5 2. Nf3 Nc6 3. d4 cxd4 4. Nxd4 Nf6 5. Nc3 e6 6. Ndb5 Bb4 7. a3 Bxc3+ 8.
Nxc3 d5 9. exd5 exd5 10. Bd3 O-O 11. O-O d4 12. Ne2 Bg4 13. f3 Bh5 14. b4 Nd5
15. Nf4 Bg6 16. Nxd5 Qxd5 17. c4 Qd6 18. f4 Bxd3 19. Qxd3 Rfe8 20. b5 Ne7 21.
Bd2 Rad8 22. Bb4 Qd7 23. f5 g6 24. Bxe7 Qxe7 25. Rf3 Qe2 26. fxg6 hxg6 27. Rd1
Qxd3 {(=)} 28. Rfxd3 Re4 29. c5 Re5 30. Rc1 Re3 31. Rxe3 dxe3 32. Kf1 f5 33. c6
b6 34. Ke2 f4 35. g3 g5 36. gxf4 gxf4 37. Kf3 1-0

[Event "Hastings Masters"]
[Site "Hastings"]
[Date "2006.12.29"]
[Round "2.40"]
[White "Goldsworthy, Patrick"]
[Black "Armstrong, Malcolm"]
[Result "1/2-1/2"]
[WhiteElo "1936"]
[BlackElo "2101"]
[PlyCount "59"]
[EventDate "2006.12.28"]
[SourceDate "2006.12.28"]

1. e4 c6 2. d4 d5 3. exd5 cxd5 4. Nf3 Nf6 5. Be2 Nc6 6. c3 Bg4 7. Ne5 Bxe2 8.
Qxe2 e6 9. Bf4 Bd6 10. Nd2 O-O 11. O-O Qc7 12. Rae1 a6 13. Bg3 b5 14. f4 Na5
15. f5 Rae8 16. Bh4 Be7 17. fxe6 fxe6 18. Ng4 Bd8 19. Ne5 Nc4 20. Ndxc4 bxc4
21. Bxf6 Bxf6 22. Ng4 Kh8 23. Nxf6 Rxf6 24. Rxf6 gxf6 25. Qf3 f5 26. Qh5 Qe7
27. Re3 a5 28. Qe2 Qd6 29. Rg3 Rg8 30. Rxg8+ 1/2-1/2